Представление документа в формате RUSMARC

ПолеНазваниеЗначение
  Тип записи a
  Библиографический уровень a
001 Контрольный номер RU/CBS_UL/BASE/649ae0ef36a649ecbf80f9005d5e987e
005 Дата корректировки 20260317232811.2
100 Данные общей обработки __
a Данные общей обработки 20260317 ||| 0rusy0189 ca
101 Язык документа 0_
a Язык текста rus
102 Страна публикации __
a Страна публикации RU
200 Заглавие и сведения об ответственности 1_
a Заглавие Дмитрий Иванович Сахаров - сыну Андрею: Ты мог быть счастливей...
e Сведения, относящиеся к заглавию [о судьбе А.Д. Сахарова и людей, повлиявших на его жизнь]
f Первые сведения об ответственности Н. Андреев
300 Общие примечания __
a Общие примечания 16+
461 Уровень набора _0
1 2000
a Родина
463 Уровень физической единицы _0
1 2000
a № 5
v С. 46-51 : фот.
1 2101
d 2021
1 001RU/CBS_UL/BASE/695229592
600 Персоналии _1
a Персоналии (Фамилия) Сахаров
b Персоналии (Имя, инициалы) А.Д.
600 Персоналии _1
a Персоналии (Фамилия) Сахаров
b Персоналии (Имя, инициалы) Д.И.
600 Персоналии _1
a Персоналии (Фамилия) Тамм
b Персоналии (Имя, инициалы) И.Е.
600 Персоналии _1
a Персоналии (Фамилия) Зельдович
b Персоналии (Имя, инициалы) Я.Б.
600 Персоналии _1
a Персоналии (Фамилия) Боннер
b Персоналии (Имя, инициалы) Е.Г.
606 Тематические рубрики 0_
a Основная рубрика Сахаров, Андрей Дмитриевич (1921-1989)
610 Ключевые слова 0_
a Ключевые слова физики, физики советские, общественные деятели, судьбы, жизненные ориентиры, мораль и политика, роль личности в истории, академики, многогранность таланта, повседневная жизнь
686 Индексы других классификаций __
2 Код системы rubbk
a Классификационный индекс 72.6
700 Автор _1
a Фамилия Андреев
b Имя (инициалы) Н.
801 Источник записи _0
a Страна RU
b Организация МБУК ЦБС г. Ульяновска
c Дата составления 20260317
g Правила каталогизации RCR
801 Источник записи _1
a Страна RU
b Организация МБУК ЦБС г. Ульяновска
c Дата составления 20260317
g Правила каталогизации RCR
901 Тип документа __
t Тип документа b
w Контрольный № источника RU/CBS_UL/BASE/695229592
909 Создатель записи __
a Создатель записи lib1